10 years on (Record no. 117464)

MARC details
000 -LEADER
fixed length control field 01179cam a2200241 4500
001 - CONTROL NUMBER
control field ABS67788
008 - FIXED-LENGTH DATA ELEMENTS--GENERAL INFORMATION
fixed length control field 040603n2004 000 0 eng u
035 ## - SYSTEM CONTROL NUMBER
System control number (Sirsi) u126399
100 ## - MAIN ENTRY--PERSONAL NAME
Personal name Latham, M.
245 ## - TITLE STATEMENT
Title 10 years on
260 ## - PUBLICATION, DISTRIBUTION, ETC.
Date of publication, distribution, etc. 2004
490 ## - SERIES STATEMENT
Series statement Building
Volume/sequential designation 269(8232) 14 May 2004, 33(1)
520 ## - SUMMARY, ETC.
Summary, etc. Discusses the Housing Grants, Construction and Regeneration Act 1996, 10 years on from the Latham report "Constructing the team" (ISBN 011752994X) which proposed its introduction. Notes that the scope of the Act was narrower than first envisaged and there were compromises in certain areas. The government has asked Sir Michael Latham to chair a committee to re-examine the act. The review will not be as detailed as the earlier report and will be carried out on an open basis. The committee will report by the end of July 2004.
590 ## - LOCAL NOTE (RLIN)
Local note ABS
590 ## - LOCAL NOTE (RLIN)
Local note ABS
650 ## - SUBJECT ADDED ENTRY--TOPICAL TERM
Topical term or geographic name entry element HOUSING GRANTS, CONSTRUCTION AND REGENERATION ACT 1996
650 ## - SUBJECT ADDED ENTRY--TOPICAL TERM
Topical term or geographic name entry element LATHAM REFORMS
650 ## - SUBJECT ADDED ENTRY--TOPICAL TERM
Topical term or geographic name entry element MACOB CIVIL ENGINEERING LTD V MORRISON CONSTRUCTION LTD
650 ## - SUBJECT ADDED ENTRY--TOPICAL TERM
Topical term or geographic name entry element CONSTRUCTION
650 ## - SUBJECT ADDED ENTRY--TOPICAL TERM
Topical term or geographic name entry element CONSTRUCTION PLANNING
690 ## - LOCAL SUBJECT ADDED ENTRY--TOPICAL TERM (OCLC, RLIN)
Topical term or geographic name as entry element DISPUTE RESOLUTION
9 (RLIN) 6236
942 ## - ADDED ENTRY ELEMENTS (KOHA)
Suppress in OPAC 0
Holdings
Withdrawn status Lost status Source of classification or shelving scheme Damaged status Not for loan Home library Current library Shelving location Date acquired Total Checkouts Full call number Barcode Date last seen Copy number Price effective from Koha item type
    Dewey Decimal Classification     London London Journal article 07/06/2004   ABS67788 126399-1001 06/08/2019 1 06/08/2019 Journal article